000 00843nam a22002897a 4500
001 BR6005948
003 BR-BrBNA
005 20240716130601.0
008 230509b bl.||||| |||| 00| 0 por d
040 _aBR-BrBNA
_bpor
041 _a(Por)
072 _aC00; E10
_b/G302
090 _aC00
_bBR6005948
100 1 _aMartinez, Fernando.
110 1 _aAssociação Internacional de Economistas Agrícolas
_9635
245 1 _aO ensino da economia agrícola a nível pôs graduado na próxima década:
_bO caso da América Latina /
260 3 _aSao Paulo, SP (Brasil):
_c1973.
300 _a19 p.
650 _aEducacao
650 _aMacroeconomia
650 _aEnsino
650 _aEconomia agricola
650 _aAmerica Latina
909 _a07/2024
_bSARAH
942 _cBK
999 _c12331
_d12331